000 00604nam a2200205 i 4500
001 167723
003 ES-MaACL
005 20240131150606.0
008 220628s2022 sp 000 f spa
020 _a978-84-01-02821-2
080 _a821.134.2-31"19"
100 1 _aSistiaga, Jon,
_d1967-
_9174719
245 1 0 _aPurgatorio /
_cJon Sistiaga.
250 _a1ª ed.
260 _aBarcelona :
_bPlaza & Janés,
_c2022.
300 _a415 p. ;
_c23 cm.
852 4 _aES-MaACL
_jA-14969
_9174199
_bR.153298
_cDEPO1
_dOlim: N-7969
_hDonación: Editorial
942 _2udc
999 _c167723
_d167723